000 01154naa a22002897a 4500
001 BR8503305
003 BR-BrBNA
005 20250721154454.0
007 ta
008 250630b bl.|||m| |||| 00| 0 por d
040 _aBR-BrBNA
_bpor
_cBiblioteca Nacional de Agricultura
041 _a(Pt)
072 _aC30; P06
_b8961
090 _aC30 BR8503305
100 1 _aTelles Filho, J. de A.
111 1 _a1. Seminario de Tecnologia Industrial de Producao de Alcool
_cCampinas, SP (Brazil)
_dAug 1984
245 1 _aControle integrado de destilaria de alcool. Sistema de supervisao e controle ML-CD8490
500 _a1. Seminario de Tecnologia Industrial de Producao de Alcool Brasilia, DF (Brasil): 1985. p. 541-556 [Summary (Pt); 10 graphs] (BR8503305-AMS)
773 0 _t1. Seminario de Tecnologia Industrial de Producao de Alcool
_wC30 BR8503305
_gBrasilia, DF (Brasil), 1985. p. 541-556
650 _aALCOOL
650 _aTECNOLOGIA INDUSTRIAL
650 _aDESTILARIA
650 _aCOMPUTADOR
490 _aDocumentos - Secretaria de Tecnologia Industrial (Brazil)
_vno. 24
942 _cAMS
_2AGRIS
909 _a202506
_bLúcia
_c55
_dLúcia Elande
999 _c335017
_d335017